Eclipse - Delta Goodrem (All Lyrics) - Statistics

General Stats
  • This quiz has been taken 9 times
  • The average score is 142 of 195
Answer Stats
Lyric % Correct
a
100%
All
100%
eclipse
100%
I
100%
my
100%
one
100%
One
100%
to
100%
And
88%
be
88%
it
88%
kiss
88%
life
88%
love
88%
the
88%
The
88%
we
88%
We
88%
When
88%
are
75%
for
75%
just
75%
like
75%
of
75%
only
75%
Only
75%
this
75%
touch,
75%
were
75%
where
75%
you
75%
as
63%
heart
63%
in
63%
In
63%
long
63%
mine
63%
night
63%
(Oh)
63%
(Oh-oh,
63%
oh-oh)
63%
(Oh-oh)
63%
(Oh-oh-oh-oh)
63%
sky
63%
till
63%
us
63%
with
63%
won't
63%
aligning
50%
begun
50%
comes
50%
exists
50%
full
50%
is
50%
moonlight
50%
morning
50%
Shadows
50%
stars,
50%
sun
50%
We've
50%
your
50%
am
38%
Call
38%
call
38%
dancing
38%
divine
38%
Hey!
38%
our
38%
Planets
38%
right
38%
stops
38%
lives
25%
though
25%
world
25%
apart
13%
Gravity
13%
perfect
13%
pulling
13%
timing,
13%
Forever's
0%
No matching quizzes found
Score Distribution
Percent of People with Each Score
Percentile by Number Answered
Your Score History
You have not taken this quiz